[Event "ODJM C 2019"]
[Site "Willingen GER"]
[Date "2019.06.12"]
[Round "5"]
[White "Foos, Vanessa"]
[Black "Strübel, Tobias"]
[Result "0-1"]
[Termination "normal"]
[Board "1"]
[WhiteElo "1207"]
[BlackElo "1337"]
[WhiteClock "00:37:08"]
[BlackClock "00:59:03"]
[PlyCount "72"]
[WhiteFideId "16245270"]
[BlackFideId "16284860"]
[EventCountry "GER"]
[EventRounds "9"]
[EventType "swiss"]
[EventDate "2019.06.08"]

1. e4 {[%clk 1:30:58]} 1... e5 {[%clk 1:30:56]} 2. Nf3 {[%clk 1:31:25]} 2...
Nc6 {[%clk 1:31:21]} 3. Bc4 {[%clk 1:31:47]} 3... Bc5 {[%clk 1:31:46]} 4. b4 {
[%clk 1:32:06]} 4... Bxb4 {[%clk 1:32:10]} 5. c3 {[%clk 1:32:30]} 5... Be7 {
[%clk 1:32:27]} 6. d4 {[%clk 1:32:47]} 6... Na5 {[%clk 1:32:48]} 7. Bb3 { [%clk
1:31:51]} 7... Nxb3 {[%clk 1:32:56]} 8. Qxb3 {[%clk 1:32:03]} 8... d5 { [%clk
1:27:34]} 9. exd5 {[%clk 1:27:34]} 9... e4 {[%clk 1:26:37]} 10. Ne5 { [%clk
1:16:35]} 10... f6 {[%clk 1:25:12]} 11. Nc4 {[%clk 1:09:12]} 11... Qxd5 { [%clk
1:22:56]} 12. Nba3 Bxa3 13. Nxa3 {[%clk 0:57:22]} 13... Qxb3 { [%clk 1:22:38]}
14. axb3 {[%clk 0:54:24]} 14... c6 {[%clk 1:19:33]} 15. O-O { [%clk 0:52:06]}
15... Ne7 {[%clk 1:18:20]} 16. Bf4 {[%clk 0:49:31]} 16... Nd5 { [%clk 1:17:41]}
17. Bd2 {[%clk 0:49:10]} 17... Kf7 {[%clk 1:16:52]} 18. Nc4 { [%clk 0:46:57]}
18... f5 {[%clk 1:15:24]} 19. Nd6+ {[%clk 0:47:02]} 19... Ke7 { [%clk 1:15:09]}
20. Nxc8+ {[%clk 0:47:07]} 20... Rhxc8 {[%clk 1:15:25]} 21. c4 {[%clk 0:47:01]}
21... Nf6 {[%clk 1:15:27]} 22. f3 {[%clk 0:46:38]} 22... exf3 {[%clk 1:14:59]}
23. Rxf3 {[%clk 0:46:56]} 23... g6 {[%clk 1:13:31]} 24. Re1+ { [%clk 0:47:06]}
24... Kf7 {[%clk 1:13:07]} 25. Ref1 {[%clk 0:46:14]} 25... Ne4 {[%clk 1:12:31]}
26. Bc1 {[%clk 0:45:09]} 26... a5 {[%clk 1:11:43]} 27. g4 { [%clk 0:45:04]}
27... c5 {[%clk 1:08:21]} 28. d5 {[%clk 0:44:53]} 28... Nd6 { [%clk 1:08:35]}
29. Bb2 {[%clk 0:42:40]} 29... Re8 {[%clk 1:06:51]} 30. Bc1 { [%clk 0:40:52]}
30... Re4 {[%clk 1:03:30]} 31. gxf5 {[%clk 0:40:56]} 31... Nxf5 {[%clk
1:03:21]} 32. Rd1 {[%clk 0:40:31]} 32... Rae8 {[%clk 0:58:23]} 33. Bg5 { [%clk
0:38:42]} 33... Rg4+ {[%clk 0:58:38]} 34. Kf2 {[%clk 0:37:48]} 34... Rxg5
{[%clk 0:58:54]} 35. d6 {[%clk 0:37:43]} 35... Rd8 {[%clk 0:59:03]} 36. Rfd3 {
[%clk 0:37:08]} 36... Nd4 0-1

[Event "ODJM C 2019"]
[Site "Willingen GER"]
[Date "2019.06.12"]
[Round "5"]
[White "Fink, Anton"]
[Black "Grimm, Nicola Marie"]
[Result "1-0"]
[Termination "normal"]
[Board "3"]
[WhiteElo "1478"]
[BlackElo "1459"]
[WhiteClock "00:23:34"]
[BlackClock "00:26:19"]
[PlyCount "99"]
[WhiteFideId "16235703"]
[BlackFideId "12988987"]
[EventCountry "GER"]
[EventRounds "9"]
[EventType "swiss"]
[EventDate "2019.06.08"]

1. e4 {[%clk 1:30:59]} 1... d5 {[%clk 1:30:38]} 2. exd5 {[%clk 1:31:25]} 2...
Qxd5 {[%clk 1:30:58]} 3. Nc3 {[%clk 1:31:49]} 3... Qa5 {[%clk 1:31:03]} 4. d4 {
[%clk 1:31:59]} 4... Bf5 {[%clk 1:29:59]} 5. Bc4 {[%clk 1:29:48]} 5... Nf6 {
[%clk 1:27:40]} 6. Nf3 {[%clk 1:28:03]} 6... e6 {[%clk 1:26:19]} 7. Bd2 { [%clk
1:26:04]} 7... c6 {[%clk 1:25:45]} 8. Qe2 {[%clk 1:23:35]} 8... Nbd7 { [%clk
1:22:49]} 9. O-O-O {[%clk 1:19:22]} 9... b5 {[%clk 1:17:50]} 10. Nxb5 { [%clk
1:13:28]} 10... Qb6 {[%clk 1:14:24]} 11. Nc3 {[%clk 1:09:01]} 11... Rb8 { [%clk
1:13:22]} 12. Bb3 {[%clk 1:04:48]} 12... Nd5 {[%clk 1:07:19]} 13. Nxd5 { [%clk
0:56:21]} 13... cxd5 {[%clk 1:07:16]} 14. Bc3 {[%clk 0:52:36]} 14... Bb4 {[%clk
0:58:57]} 15. Bxb4 {[%clk 0:50:21]} 15... Qxb4 {[%clk 0:54:53]} 16. c3 { [%clk
0:48:13]} 16... Qd6 {[%clk 0:49:24]} 17. Ne5 {[%clk 0:39:14]} 17... O-O { [%clk
0:37:28]} 18. g4 {[%clk 0:35:47]} 18... Bg6 {[%clk 0:35:42]} 19. h4 { [%clk
0:33:36]} 19... h6 {[%clk 0:34:29]} 20. h5 {[%clk 0:27:34]} 20... Bh7 { [%clk
0:34:36]} 21. Bc2 {[%clk 0:24:28]} 21... Bxc2 {[%clk 0:33:28]} 22. Kxc2 { [%clk
0:24:54]} 22... Nb6 {[%clk 0:27:18]} 23. b3 {[%clk 0:20:21]} 23... Qa3 { [%clk
0:25:38]} 24. Kb1 {[%clk 0:19:04]} 24... Na4 {[%clk 0:23:51]} 25. Qc2 { [%clk
0:16:29]} 25... Rfc8 {[%clk 0:22:24]} 26. Rh3 {[%clk 0:15:49]} 26... Rb7 {[%clk
0:19:20]} 27. Rc1 {[%clk 0:12:43]} 27... Rcb8 {[%clk 0:16:50]} 28. c4 { [%clk
0:12:02]} 28... dxc4 {[%clk 0:14:21]} 29. Nxc4 {[%clk 0:12:21]} 29... Qb4
{[%clk 0:13:13]} 30. Ka1 {[%clk 0:09:42]} 30... Nb6 {[%clk 0:12:39]} 31. Nxb6 {
[%clk 0:09:02]} 31... Qxd4+ {[%clk 0:12:09]} 32. Qc3 {[%clk 0:08:07]} 32...
Qxc3+ {[%clk 0:06:00]} 33. Rhxc3 {[%clk 0:08:32]} 33... axb6 {[%clk 0:05:44]}
34. Rc8+ {[%clk 0:08:39]} 34... Rxc8 {[%clk 0:05:56]} 35. Rxc8+ {[%clk 0:09:08]
} 35... Kh7 {[%clk 0:06:15]} 36. Kb2 {[%clk 0:09:26]} 36... g6 {[%clk 0:04:42]}
37. a4 {[%clk 0:08:34]} 37... gxh5 {[%clk 0:02:11]} 38. gxh5 {[%clk 0:09:00]}
38... Kg7 {[%clk 0:01:35]} 39. f4 {[%clk 0:07:46]} 39... Kf6 {[%clk 0:01:03]}
40. Kc3 {[%clk 0:06:34]} 40... Ke7 {[%clk 0:00:31]} 41. Kb4 {[%clk 0:05:32]}
41... Kd6 {[%clk 0:28:39]} 42. Rh8 {[%clk 0:35:23]} 42... Kd5 {[%clk 0:26:47]}
43. Rxh6 {[%clk 0:32:58]} 43... e5 {[%clk 0:25:32]} 44. fxe5 {[%clk 0:27:16]}
44... Kxe5 {[%clk 0:25:28]} 45. Kb5 {[%clk 0:22:59]} 45... f5 {[%clk 0:25:36]}
46. Rxb6 {[%clk 0:23:13]} 46... Rxb6+ {[%clk 0:25:42]} 47. Kxb6 {[%clk 0:23:30]
} 47... f4 {[%clk 0:25:58]} 48. h6 {[%clk 0:23:49]} 48... Kf6 {[%clk 0:26:13]}
49. h7 {[%clk 0:23:24]} 49... Kg7 {[%clk 0:26:19]} 50. a5 {[%clk 0:23:34]} 1-0

[Event "ODJM C 2019"]
[Site "Willingen GER"]
[Date "2019.06.12"]
[Round "5"]
[White "Welker, Alexandra"]
[Black "Mylke, Sandy-Michelle"]
[Result "0-1"]
[Termination "normal"]
[Board "4"]
[WhiteElo "1342"]
[BlackElo "1238"]
[WhiteClock "01:00:33"]
[BlackClock "00:35:51"]
[PlyCount "64"]
[WhiteFideId "16265360"]
[BlackFideId "16235045"]
[EventCountry "GER"]
[EventRounds "9"]
[EventType "swiss"]
[EventDate "2019.06.08"]

1. e4 {[%clk 1:30:56]} 1... e5 {[%clk 1:30:47]} 2. Nf3 {[%clk 1:31:15]} 2...
Nc6 {[%clk 1:31:05]} 3. Bc4 {[%clk 1:31:25]} 3... Bc5 {[%clk 1:31:15]} 4. c3 {
[%clk 1:31:46]} 4... Nf6 {[%clk 1:31:22]} 5. d4 {[%clk 1:32:06]} 5... exd4 {
[%clk 1:31:33]} 6. e5 {[%clk 1:32:20]} 6... d5 {[%clk 1:31:23]} 7. Bb5 { [%clk
1:32:37]} 7... Ne4 {[%clk 1:31:29]} 8. cxd4 {[%clk 1:32:54]} 8... Bb6 { [%clk
1:31:46]} 9. Nc3 {[%clk 1:31:43]} 9... Bg4 {[%clk 1:29:30]} 10. Be3 { [%clk
1:30:14]} 10... O-O {[%clk 1:29:15]} 11. Bxc6 {[%clk 1:29:57]} 11... bxc6
{[%clk 1:29:30]} 12. O-O {[%clk 1:29:18]} 12... f6 {[%clk 1:19:20]} 13. Nxe4 {
[%clk 1:26:41]} 13... dxe4 {[%clk 1:19:23]} 14. Qb3+ {[%clk 1:27:04]} 14... Kh8
{[%clk 1:18:46]} 15. Nd2 {[%clk 1:25:18]} 15... Be2 {[%clk 1:15:30]} 16. Rfe1 {
[%clk 1:23:58]} 16... Bd3 {[%clk 1:14:08]} 17. f3 {[%clk 1:23:28]} 17... f5 {
[%clk 1:10:32]} 18. Bf2 {[%clk 1:20:24]} 18... Bxd4 {[%clk 1:08:46]} 19. f4 {
[%clk 1:13:31]} 19... Bxf2+ {[%clk 1:08:05]} 20. Kxf2 {[%clk 1:13:28]} 20...
Qh4+ {[%clk 1:04:19]} 21. Kg1 {[%clk 1:12:41]} 21... Qxf4 {[%clk 1:03:12]} 22.
Qc3 {[%clk 1:12:10]} 22... Rad8 {[%clk 1:01:43]} 23. Rad1 {[%clk 1:11:42]}
23... Rf7 {[%clk 0:49:40]} 24. e6 {[%clk 1:11:03]} 24... Re7 {[%clk 0:49:37]}
25. Qxc6 {[%clk 1:09:28]} 25... Qd6 {[%clk 0:46:50]} 26. Qc3 {[%clk 1:07:16]}
26... Rxe6 {[%clk 0:45:42]} 27. Nf3 {[%clk 1:04:07]} 27... Qb6+ {[%clk 0:40:31]
} 28. Kh1 {[%clk 1:03:43]} 28... exf3 {[%clk 0:39:51]} 29. Rxe6 {[%clk 1:03:24]
} 29... Qxe6 {[%clk 0:39:48]} 30. Qxc7 {[%clk 1:01:00]} 30... Re8 { [%clk
0:36:48]} 31. Qxa7 {[%clk 1:01:00]} 31... Qe2 {[%clk 0:35:51]} 32. Rg1 { [%clk
1:00:33]} 32... f2 0-1

[Event "ODJM C 2019"]
[Site "Willingen GER"]
[Date "2019.06.12"]
[Round "5"]
[White "Tenbosch, Till Theo"]
[Black "Apel, Linus"]
[Result "0-1"]
[Termination "normal"]
[Board "7"]
[WhiteElo "1085"]
[BlackElo "1410"]
[PlyCount "90"]
[WhiteFideId "16255461"]
[BlackFideId "16265785"]
[EventCountry "GER"]
[EventRounds "9"]
[EventType "swiss"]
[EventDate "2019.06.08"]

1. d4 Nf6 2. Bf4 g6 3. e3 Bg7 4. Be2 O-O 5. Nd2 d6 6. Ngf3 Nbd7 7. c3 c5 8. h4
cxd4 9. exd4 Nh5 10. Be3 Nhf6 11. Bf4 h6 12. Qc1 Nd5 13. Ne4 Nxf4 14. Qxf4 e5
15. Qg3 Nb6 16. dxe5 dxe5 17. Rd1 Qe7 18. O-O Bd7 19. Nd6 Bc6 20. Nc4 Nxc4 21.
Bxc4 Rad8 22. Rxd8 Rxd8 23. Qxg6 Bxf3 24. gxf3 Rd6 25. Bxf7+ Kf8 26. Qf5 Rf6
27. Qc8+ Kxf7 28. Rd1 Rd6 29. Rxd6 Qxd6 30. Qxb7+ Qe7 31. Qxe7+ Kxe7 32. Kg2
Ke6 33. Kg3 Kf5 34. c4 Bf8 35. a3 a5 36. f4 exf4+ 37. Kf3 h5 38. b3 Bxa3 39.
Kg2 Kg4 40. f3+ Kxh4 41. Kh2 Kg5 42. Kh3 Be7 43. Kg2 Kf5 44. Kf2 Ke5 45. Ke2
Kd4 0-1

[Event "ODJM C 2019"]
[Site "Willingen GER"]
[Date "2019.06.12"]
[Round "5"]
[White "Hornstein, Leonhard Orell"]
[Black "Hapke, Marvin"]
[Result "1/2-1/2"]
[Termination "normal"]
[Board "8"]
[WhiteElo "1346"]
[BlackElo "1187"]
[PlyCount "40"]
[WhiteFideId "16254643"]
[BlackFideId "12996580"]
[EventCountry "GER"]
[EventRounds "9"]
[EventType "swiss"]
[EventDate "2019.06.08"]

1. d4 d5 2. Nc3 Nf6 3. Bf4 e6 4. e3 Be7 5. Nf3 h6 6. Ne5 Nbd7 7. g4 Ne4 8. Ne2
Bh4 9. Bg3 Nxe5 10. dxe5 Qg5 11. Rg1 Qxg4 12. h3 Bxg3 13. Rxg3 Qh4 14. Rg2 b6
15. Qd3 Bb7 16. Ng3 Ng5 17. O-O-O O-O-O 18. f4 Ne4 19. Nxe4 dxe4 20. Qe2 Rxd1+
1/2-1/2

[Event "ODJM C 2019"]
[Site "Willingen GER"]
[Date "2019.06.12"]
[Round "5"]
[White "Fröhlich, Niklas"]
[Black "Färber, Sophie"]
[Result "0-1"]
[Termination "normal"]
[Board "9"]
[WhiteElo "1261"]
[BlackElo "1409"]
[PlyCount "110"]
[WhiteFideId "16245016"]
[BlackFideId "16239121"]
[EventCountry "GER"]
[EventRounds "9"]
[EventType "swiss"]
[EventDate "2019.06.08"]

1. e4 e5 2. Nf3 Nc6 3. Bc4 Bc5 4. c3 Nf6 5. d4 exd4 6. cxd4 Bb4+ 7. Nc3 Nxe4 8.
O-O Nxc3 9. bxc3 d5 10. cxb4 dxc4 11. b5 Ne7 12. Ba3 O-O 13. Re1 Re8 14. Qe2
Be6 15. Ng5 Qd5 16. Nxe6 fxe6 17. Qxe6+ Qxe6 18. Rxe6 Kf7 19. Re3 Nd5 20. Ree1
Rxe1+ 21. Rxe1 Re8 22. Re5 Rxe5 23. dxe5 Ke6 24. Bb2 c3 25. Bc1 Nb4 26. Kf1
Nxa2 27. Be3 c2 28. f4 c1=Q+ 29. Bxc1 Nxc1 30. Kf2 Na2 31. g4 Nc3 32. Ke3 Nxb5
33. h4 a5 34. Ke4 Nc3+ 35. Kd4 Ne2+ 36. Ke3 a4 37. Kd2 a3 38. Kc2 b5 39. f5+
Kxe5 40. f6 Kxf6 41. g5+ Kg6 42. h5+ Kxg5 43. h6 gxh6 44. Kb3 h5 45. Kc2 h4 46.
Kd3 a2 47. Ke4 a1=Q 48. Kd3 Qd1+ 49. Ke4 Qd4+ 50. Kf3 Qf4+ 51. Kxe2 Qg3 52. Kd1
Qf2 53. Kc1 h3 54. Kd1 h2 55. Kc1 h1=Q# 0-1

[Event "ODJM C 2019"]
[Site "Willingen GER"]
[Date "2019.06.12"]
[Round "5"]
[White "Hubert, Nikita"]
[Black "Wechtenbruch, Jamie"]
[Result "1/2-1/2"]
[Termination "normal"]
[Board "11"]
[WhiteElo "1181"]
[BlackElo "1371"]
[PlyCount "40"]
[WhiteFideId "16235754"]
[BlackFideId "16267737"]
[EventCountry "GER"]
[EventRounds "9"]
[EventType "swiss"]
[EventDate "2019.06.08"]

1. d4 d5 2. Bf4 Nf6 3. e3 e6 4. Bd3 Bd6 5. Bg3 b6 6. Nd2 Bb7 7. Ngf3 c5 8. c3
O-O 9. Bh4 Be7 10. Ne5 Nc6 11. Ndf3 cxd4 12. exd4 Ne4 13. Bg3 Rc8 14. Qc2 Nxe5
15. Bxe5 f6 16. Bf4 a6 17. Nd2 f5 18. f3 Nxd2 19. Qxd2 g6 20. O-O-O b5 1/2-1/2

[Event "ODJM C 2019"]
[Site "Willingen GER"]
[Date "2019.06.12"]
[Round "5"]
[White "Zinnikus, Elias"]
[Black "Fischer, John"]
[Result "1-0"]
[Termination "normal"]
[Board "12"]
[WhiteElo "1176"]
[BlackElo "1374"]
[PlyCount "77"]
[WhiteFideId "16245024"]
[BlackFideId "16268679"]
[EventCountry "GER"]
[EventRounds "9"]
[EventType "swiss"]
[EventDate "2019.06.08"]

1. Nf3 d5 2. d4 e6 3. c4 c6 4. Nc3 f5 5. Bg5 Be7 6. Bd2 Nf6 7. e3 O-O 8. Bd3
Ne4 9. O-O Nd7 10. Rc1 Rf6 11. Ne2 Rh6 12. Ne5 Qc7 13. Bxe4 Nxe5 14. dxe5 fxe4
15. Bc3 Bd7 16. Nf4 Rf8 17. a3 Bg5 18. Qg4 Bxf4 19. exf4 Rf5 20. Rcd1 Be8 21.
cxd5 Bh5 22. dxe6 Bxg4 23. Rd7 Qc8 24. f3 exf3 25. h3 Bxh3 26. Rfd1 f2+ 27. Kf1
Bxg2+ 28. Kxf2 Bd5 29. Rg1 Rxf4+ 30. Ke3 Rf3+ 31. Kd4 Rh4+ 32. Kc5 b6+ 33. Kd6
Qb8+ 34. Rc7 Rd3 35. Rgxg7+ Kh8 36. Rgd7 Qf8+ 37. e7 Rh6+ 38. e6+ Qf6 39. e8=Q#
1-0

[Event "ODJM C 2019"]
[Site "Willingen GER"]
[Date "2019.06.12"]
[Round "5"]
[White "Engels, Marlene"]
[Black "Reger, Christoph"]
[Result "0-1"]
[Termination "normal"]
[Board "13"]
[WhiteElo "1263"]
[BlackElo "1169"]
[PlyCount "106"]
[WhiteFideId "16222962"]
[BlackFideId "16287606"]
[EventCountry "GER"]
[EventRounds "9"]
[EventType "swiss"]
[EventDate "2019.06.08"]

1. e4 e5 2. Nf3 Nc6 3. Bc4 Bc5 4. c3 Nf6 5. d4 exd4 6. cxd4 Bb4+ 7. Bd2 Bxd2+
8. Nbxd2 d5 9. exd5 Nxd5 10. O-O O-O 11. Qc2 Nf6 12. Qd3 b6 13. a3 Bb7 14. Bb3
Qd6 15. Bc2 Rad8 16. Ne4 Nxe4 17. Qxe4 g6 18. Qh4 h5 19. Qg5 Nxd4 20. Nxd4 Qxd4
21. Bb3 Qxb2 22. Qxg6+ Qg7 23. Qxg7+ Kxg7 24. Rfc1 c5 25. Bd1 Kh6 26. Rc4 Rg8
27. g3 Rg5 28. Rh4 Rgd5 29. Be2 Bc8 30. Bf3 Rg5 31. h3 Rd4 32. g4 f5 33. Rxh5+
Rxh5 34. gxh5 Rh4 35. Kg2 f4 36. Rh1 c4 37. Bd1 c3 38. a4 c2 39. Bxc2 Bb7+ 40.
Kg1 Bxh1 41. Kxh1 Rxh3+ 42. Kg2 Rxh5 43. Bd1 Ra5 44. Kf3 Kg5 45. Bc2 b5 46.
axb5 Rxb5 47. Ba4 Rb4 48. Bc2 a5 49. Ke2 a4 50. Kd3 a3 51. Kc3 Rb8 52. Bb3 Kg4
53. Kc2 Kf3 0-1

[Event "ODJM C 2019"]
[Site "Willingen GER"]
[Date "2019.06.12"]
[Round "5"]
[White "Racky, Selina"]
[Black "Gerdes, Jesko"]
[Result "1-0"]
[Termination "normal"]
[Board "14"]
[WhiteElo "1037"]
[BlackElo "1106"]
[PlyCount "115"]
[WhiteFideId "16239440"]
[BlackFideId "16273699"]
[EventCountry "GER"]
[EventRounds "9"]
[EventType "swiss"]
[EventDate "2019.06.08"]

1. d4 d5 2. Bf4 c5 3. c3 Nf6 4. e3 Nc6 5. Nd2 e6 6. Ngf3 Bd6 7. Ne5 Bxe5 8.
Bxe5 Nxe5 9. dxe5 Nd7 10. Nf3 O-O 11. Bd3 Qc7 12. Ng5 h6 13. Nh7 Re8 14. f4 Re7
15. Qg4 Nf8 16. Nxf8 Kxf8 17. O-O-O d4 18. exd4 cxd4 19. c4 b6 20. b3 b5 21.
Kb2 bxc4 22. Bxc4 Qb6 23. Qf3 Rb8 24. Qe4 Kg8 25. Rxd4 Ba6 26. Bxa6 Qxa6 27.
Rc1 Qb5 28. Rc3 a5 29. a4 Qe8 30. Qc6 Qf8 31. Rdc4 Ree8 32. Qc5 Qxc5 33. Rxc5
Ra8 34. Rb5 Red8 35. Kc2 Rd4 36. Rc4 Rxc4+ 37. bxc4 Kh7 38. c5 Kg6 39. c6 Rc8
40. Rc5 Kf5 41. Kc3 Kxf4 42. Kc4 f6 43. exf6 gxf6 44. Kb5 e5 45. Kb6 e4 46. Kb7
Re8 47. Rc2 e3 48. c7 Ke4 49. c8=Q Rxc8 50. Kxc8 Kd3 51. Ra2 e2 52. Rxe2 Kxe2
53. Kb7 Kd3 54. Kb6 Kc3 55. Kxa5 Kc4 56. Kb6 Kd3 57. a5 f5 58. a6 1-0

[Event "ODJM C 2019"]
[Site "Willingen GER"]
[Date "2019.06.12"]
[Round "5"]
[White "Wilmink, Luca"]
[Black "Zhang, Yibo"]
[Result "0-1"]
[Termination "normal"]
[Board "15"]
[WhiteElo "1283"]
[BlackElo "1302"]
[PlyCount "36"]
[WhiteFideId "16245253"]
[BlackFideId "16287657"]
[EventCountry "GER"]
[EventRounds "9"]
[EventType "swiss"]
[EventDate "2019.06.08"]

1. e4 e5 2. Nf3 Nc6 3. d4 exd4 4. Bc4 Nf6 5. O-O Nxe4 6. Re1 d5 7. Bb3 Be6 8.
Nxd4 Nxd4 9. f3 Nxb3 10. fxe4 Nxa1 11. exd5 Bc5+ 12. Kh1 O-O 13. dxe6 fxe6 14.
Nc3 Qxd1 15. Rxd1 Nxc2 16. Ne4 Rad8 17. Rg1 Bxg1 18. Kxg1 Rd1# 0-1

[Event "ODJM C 2019"]
[Site "Willingen GER"]
[Date "2019.06.12"]
[Round "5"]
[White "Bangiev, Anton"]
[Black "Schilay, Vinzenz"]
[Result "1-0"]
[Termination "normal"]
[Board "16"]
[WhiteElo "1342"]
[BlackElo "1111"]
[PlyCount "143"]
[WhiteFideId "16267222"]
[BlackFideId "12983209"]
[EventCountry "GER"]
[EventRounds "9"]
[EventType "swiss"]
[EventDate "2019.06.08"]

1. e4 e5 2. Nf3 Nc6 3. Nc3 Nf6 4. g3 d6 5. Bg2 Be6 6. O-O Qd7 7. d3 Bh3 8. Be3
Bxg2 9. Kxg2 Be7 10. d4 exd4 11. Nxd4 O-O-O 12. Re1 h6 13. Nd5 Nxe4 14. Nxc6
bxc6 15. Nxe7+ Qxe7 16. Bd2 d5 17. f3 Qd7 18. fxe4 dxe4 19. Bf4 g5 20. Be5 Rhe8
21. Bf6 Qd2+ 22. Kg1 Rd6 23. Bc3 Qd5 24. Qxd5 Rxd5 25. Rad1 f5 26. Kf2 e3+ 27.
Ke2 Kb7 28. Rd3 f4 29. gxf4 gxf4 30. Rf1 Rf5 31. Bd4 Rff8 32. Bc5 f3+ 33. Ke1
Rf5 34. Rxe3 Rxe3+ 35. Bxe3 Ra5 36. a3 Rb5 37. Bd4 Rd5 38. Bc3 Rf5 39. Kf2 Kb6
40. Ke3 Rh5 41. Rf2 Rh3 42. Be5 Rh5 43. Bd4+ c5 44. Bc3 Rh3 45. Kf4 Rh4+ 46.
Kxf3 Rh5 47. Kg4 Rg5+ 48. Kh4 Rd5 49. Rf6+ c6 50. Rxh6 Rd1 51. Rg6 Rh1 52. Rg2
Rf1 53. Kg4 Rf7 54. h4 Rh7 55. h5 Kc7 56. Kh4 a5 57. Rg7+ Rxg7 58. Bxg7 c4 59.
h6 a4 60. h7 c3 61. Bxc3 c5 62. h8=Q c4 63. Qf6 Kd7 64. Ba5 c3 65. bxc3 Ke8 66.
Bb4 Kd7 67. Kg5 Kc8 68. Qe7 Kb8 69. Qd7 Ka8 70. Bc5 Kb8 71. Kf6 Ka8 72. Qa7#
1-0

[Event "ODJM C 2019"]
[Site "Willingen GER"]
[Date "2019.06.12"]
[Round "5"]
[White "Frank, Cillian"]
[Black "Margaryan, Harut"]
[Result "0-1"]
[Termination "normal"]
[Board "17"]
[WhiteElo "1309"]
[BlackElo "1089"]
[PlyCount "50"]
[WhiteFideId "16245202"]
[BlackFideId "16268202"]
[EventCountry "GER"]
[EventRounds "9"]
[EventType "swiss"]
[EventDate "2019.06.08"]

1. e4 c5 2. Nc3 e6 3. g3 d5 4. Bg2 Nf6 5. d3 Be7 6. Bf4 Nc6 7. Nb5 Qa5+ 8. Nc3
d4 9. b4 Qxb4 10. Rb1 Qxc3+ 11. Bd2 Qa3 12. e5 Nd5 13. Bxd5 exd5 14. Nf3 Qa6
15. h3 b6 16. Bg5 Qb7 17. Qe2 Bxg5 18. Nxg5 Qe7 19. f4 f6 20. Nf3 fxe5 21. Nxe5
Nxe5 22. fxe5 O-O 23. h4 Re8 24. Kd2 Qxe5 25. Qg2 Qe3+ 0-1

[Event "ODJM C 2019"]
[Site "Willingen GER"]
[Date "2019.06.12"]
[Round "5"]
[White "Ott, Linda"]
[Black "Vöcking, Laura"]
[Result "0-1"]
[Termination "normal"]
[Board "18"]
[WhiteElo "1122"]
[BlackElo "1172"]
[PlyCount "38"]
[WhiteFideId "12992453"]
[BlackFideId "16287630"]
[EventCountry "GER"]
[EventRounds "9"]
[EventType "swiss"]
[EventDate "2019.06.08"]

1. e4 e6 2. Nf3 d5 3. e5 c5 4. c3 Nc6 5. Bb5 Bd7 6. d3 Nge7 7. O-O d4 8. Nbd2
Ng6 9. Ne4 Ncxe5 10. Bxd7+ Qxd7 11. Re1 dxc3 12. Nxc3 Nxd3 13. Re3 c4 14. Ne1
Nc5 15. Qg4 b5 16. Re2 Bd6 17. Ne4 Nxe4 18. Qxe4 O-O 19. Qd4 Bxh2+ 0-1

[Event "ODJM C 2019"]
[Site "Willingen GER"]
[Date "2019.06.12"]
[Round "5"]
[White "Laux, Filip"]
[Black "Keuper, David"]
[Result "0-1"]
[Termination "normal"]
[Board "19"]
[WhiteElo "1155"]
[BlackElo "1075"]
[PlyCount "80"]
[WhiteFideId "16275730"]
[BlackFideId "16287568"]
[EventCountry "GER"]
[EventRounds "9"]
[EventType "swiss"]
[EventDate "2019.06.08"]

1. e4 e5 2. Nf3 Nc6 3. Bc4 Bc5 4. c3 d6 5. d4 exd4 6. cxd4 Bb4+ 7. Bd2 Bxd2+ 8.
Qxd2 Nge7 9. Nc3 f5 10. Ng5 Rf8 11. Nxh7 Rh8 12. Ng5 Rf8 13. Be6 fxe4 14. Ncxe4
d5 15. Ng3 Qd6 16. Bxc8 Nxc8 17. O-O N8e7 18. Rfe1 O-O-O 19. Ne6 Qb4 20. Qc3
Qd6 21. Nxd8 Nxd8 22. Rac1 Nec6 23. Qc5 Qf4 24. Re2 Nxd4 25. Ree1 Qxf2+ 26. Kh1
N4e6 27. Rxe6 Nxe6 28. Qxd5 Nf4 29. Qe4 Qxb2 30. Rb1 Qxa2 31. Qxb7+ Kd7 32.
Rd1+ Ke8 33. Qe4+ Ne6 34. Qg6+ Rf7 35. Rf1 Nd4 36. Qe4+ Ne6 37. Re1 Rf6 38. Nf5
Kf7 39. Ne3 Qf2 40. Ng4 Qf1+ 0-1

[Event "ODJM C 2019"]
[Site "Willingen GER"]
[Date "2019.06.12"]
[Round "5"]
[White "Barthel, Sascha"]
[Black "Fahlbusch, Niclas"]
[Result "0-1"]
[Termination "normal"]
[Board "21"]
[WhiteElo "1297"]
[BlackElo "1057"]
[PlyCount "78"]
[WhiteFideId "16280369"]
[BlackFideId "16271548"]
[EventCountry "GER"]
[EventRounds "9"]
[EventType "swiss"]
[EventDate "2019.06.08"]

1. e4 d5 2. exd5 Qxd5 3. Nc3 Qa5 4. d4 Nf6 5. Bd2 Nc6 6. Ne4 Qf5 7. Nxf6+ Qxf6
8. Bc3 Qe6+ 9. Be2 Qd5 10. Nf3 Bg4 11. O-O O-O-O 12. Ne5 Nxe5 13. Bxg4+ Nxg4
14. Qxg4+ e6 15. a4 f5 16. Qe2 h5 17. Qb5 Qd6 18. a5 a6 19. Qc4 h4 20. h3 g5
21. b4 g4 22. b5 gxh3 23. gxh3 Rg8+ 24. Kh1 Qf4 25. Bb4 Qe4+ 26. f3 Qxd4 27.
Qxd4 Rxd4 28. Bxf8 Rxf8 29. bxa6 bxa6 30. Rfe1 Kd7 31. Rg1 c6 32. Rg7+ Kd6 33.
Ra7 Rd2 34. Rxa6 Rxc2 35. Rd1+ Kc5 36. Rb1 Rd8 37. Ra7 Ra2 38. Rc1+ Kb4 39.
Rxc6 Rd1# 0-1

[Event "ODJM C 2019"]
[Site "Willingen GER"]
[Date "2019.06.12"]
[Round "5"]
[White "Scheerer, Amelie"]
[Black "Vollmer, Jan"]
[Result "0-1"]
[Termination "normal"]
[Board "22"]
[WhiteElo "1054"]
[BlackElo "1269"]
[PlyCount "38"]
[WhiteFideId "16275772"]
[BlackFideId "16287649"]
[EventCountry "GER"]
[EventRounds "9"]
[EventType "swiss"]
[EventDate "2019.06.08"]

1. e4 e5 2. Nf3 Nc6 3. Bc4 Bc5 4. c3 Nf6 5. d4 exd4 6. cxd4 Bb4+ 7. Bd2 Nxe4 8.
Bxf7+ Kxf7 9. Qb3+ Kf8 10. Bxb4+ Nxb4 11. Qxb4+ d6 12. d5 Nc5 13. O-O h5 14.
Nh4 Qg5 15. Re1 Nd3 16. Qe4 Nxe1 17. Ng6+ Kg8 18. Qe8+ Kh7 19. Nxh8 Qxg2# 0-1

[Event "ODJM C 2019"]
[Site "Willingen GER"]
[Date "2019.06.12"]
[Round "5"]
[White "Bartelheimer, Erik"]
[Black "Jagodzinsky, Lukas"]
[Result "1/2-1/2"]
[Termination "normal"]
[Board "23"]
[WhiteElo "1053"]
[BlackElo "1026"]
[PlyCount "44"]
[WhiteFideId "16279352"]
[BlackFideId "16233255"]
[EventCountry "GER"]
[EventRounds "9"]
[EventType "swiss"]
[EventDate "2019.06.08"]

1. e4 e5 2. Nf3 Nf6 3. Nc3 Bb4 4. Bc4 Bxc3 5. bxc3 Nxe4 6. d3 Nf6 7. O-O O-O 8.
Nxe5 d5 9. Bb3 Re8 10. d4 Bf5 11. Be3 Nbd7 12. f4 Nxe5 13. fxe5 Bg4 14. Qc1 Ne4
15. c4 c6 16. c5 Nc3 17. Qd2 Ne4 18. Qc1 g6 19. c4 h5 20. Bg5 Qd7 21. Qf4 Nxg5
22. Qxg5 Bf5 1/2-1/2